| 000 | 00353nam a2200145 a 4500 | ||
|---|---|---|---|
| 082 | 0 | 0 |
_a297.86 _bAHM |
| 100 | _aGhulam, Ahmed Qadiyani | ||
| 245 | _aSiraj-E-muneer | ||
| 260 |
_aLahore _bAhmadiyya Anjuman _c1897 |
||
| 300 | _a92p | ||
| 500 | _aincludes index and biblioraphy | ||
| 650 | _aAhmadiyyah | ||
| 700 | 1 | _aGhulam, Ahmed Qadiyani | |
| 942 | _cBK | ||
| 999 |
_c4777 _d4777 |
||